Beating a dead horse is more fun than you think : (Record no. 628)

000 -LEADER
fixed length control field 01159nam a22003617a 4500
001 - CONTROL NUMBER
control field 1563146
003 - CONTROL NUMBER IDENTIFIER
control field OSt
005 - DATE AND TIME OF LATEST TRANSACTION
control field 20210421060520.0
008 - FIXED-LENGTH DATA ELEMENTS--GENERAL INFORMATION
fixed length control field 940610s1992 gau 000 0 eng d
010 ## - LIBRARY OF CONGRESS CONTROL NUMBER
LC control number 92071794
020 ## - INTERNATIONAL STANDARD BOOK NUMBER
International Standard Book Number 1563520494
035 ## - SYSTEM CONTROL NUMBER
System control number (OCoLC)27094873
040 ## - CATALOGING SOURCE
Original cataloging agency eng
Transcribing agency eng
Modifying agency DLC
Language of cataloging eng
041 ## - LANGUAGE CODE
Language code of text/sound track or separate title eng
042 ## - AUTHENTICATION CODE
Authentication code lccopycat
043 ## - GEOGRAPHIC AREA CODE
Geographic area code n-usu--
050 00 - LIBRARY OF CONGRESS CALL NUMBER
Classification number PN6231.S64
Item number P67 1992
080 ## - UNIVERSAL DECIMAL CLASSIFICATION NUMBER
Universal Decimal Classification number 821.111
Item number P-85
082 00 - DEWEY DECIMAL CLASSIFICATION NUMBER
Classification number 814/.54
Edition number 20
100 1# - MAIN ENTRY--PERSONAL NAME
Personal name Porch, Ludlow.
245 10 - TITLE STATEMENT
Title Beating a dead horse is more fun than you think :
Remainder of title a partisan's view of the Southland /
Statement of responsibility, etc. Ludlow Porch.
260 ## - PUBLICATION, DISTRIBUTION, ETC.
Place of publication, distribution, etc. Atlanta, Ga. :
Name of publisher, distributor, etc. Longstreet Press,
Date of publication, distribution, etc. c1992
Place of manufacture (Harrisonburg, Va. :
Manufacturer R.R. Donnelley & Sons)
300 ## - PHYSICAL DESCRIPTION
Extent 152 p. ;
Dimensions 23 cm.
365 ## - TRADE PRICE
Price amount 5.95 usd
600 10 - SUBJECT ADDED ENTRY--PERSONAL NAME
Personal name Porch, Ludlow.
650 #0 - SUBJECT ADDED ENTRY--TOPICAL TERM
Topical term or geographic name entry element American wit and humor.
650 #0 - SUBJECT ADDED ENTRY--TOPICAL TERM
Topical term or geographic name entry element English literature
9 (RLIN) 247
651 #0 - SUBJECT ADDED ENTRY--GEOGRAPHIC NAME
Geographic name Southern States
General subdivision Humor.
653 ## - INDEX TERM--UNCONTROLLED
Uncontrolled term ინგლისური ლიტერატურა
906 ## - LOCAL DATA ELEMENT F, LDF (RLIN)
a 7
b cbc
c copycat
d 3
e opcn
f 19
g y-gencatlg
942 ## - ADDED ENTRY ELEMENTS (KOHA)
Source of classification or shelving scheme
Koha item type Books
Holdings
Withdrawn status Lost status Source of classification or shelving scheme Damaged status Not for loan Permanent location Current location Date acquired Inventory number Total Checkouts Full call number Barcode Date last seen Price effective from Koha item type
          Ken Walker International University Ken Walker International University 12/15/2020 827   821.111 P-85 827 12/15/2020 12/15/2020 Books

Powered by Koha